| 000 | 00000nas 2200000zi 4500 |
| 001 | 9.895442 |
| 003 | CaOODSP |
| 005 | 20240320155251 |
| 006 | m o d f |
| 007 | cr cn||||||||| |
| 008 | 210119d19781981oncuu m o f0###b0fre|d |
| 022 | |l0708-5192 |
| 040 | |aCaOODSP|bfre|erda|cCaOODSP |
| 043 | |an-cn--- |
| 086 | 1 |aST41-3F-PDF |
| 245 | 00|aDocument explicatif du MEST. |
| 246 | 3 |aDocument explicatif du Ministère d'État, sciences et technologie |
| 264 | 1|a[Ottawa] : |bMinistère d'État, Sciences et technologie, |c1978-1981? |
| 336 | |atexte|btxt|2rdacontent/fre |
| 337 | |ainformatique|bc|2rdamedia/fre |
| 338 | |aressource en ligne|bcr|2rdacarrier/fre |
| 362 | 1 |aParaît depuis no. 1; ne paraÎt plus après no. 20? |
| 500 | |aPublié aussi en anglais sous le titre : MOSST background paper. |
| 500 | |aÉdition numérisée de l'imprimé [par Innovation, Sciences et Développement économique Canada]. |
| 650 | 6|aRecherche|zCanada. |
| 650 | 6|aPolitique scientifique et technique|zCanada. |
| 710 | 1 |aCanada. |bMinistère d'État, Sciences et technologie. |
| 775 | 08|tMOSST background paper.|w(CaOODSP)9.895443 |